00438cam a22001338i 4500020002600000082001400026245012300040250001900163300001300182504005100195650002300246650001800269700001700287 a9781119180647 (cloth)00a630.2/51500aFood security and climate change /cedited by Shyam S. Yadav, Robert John Redden, Jerry L. Hatfield, Andreas W. Ebert. aFirst edition. apages cm aIncludes bibliographical references and index. 0aCrops and climate. 0aFood security1 aYadav, S. S.